Państwa nieuznawalne na arenie międzynarodowej - Statystyki

Ogólne statystyki
  • Ten quiz został rozwiązany 141 razy
  • Średni wynik to 4 z 7
Statystyki odpowiedzi
Zależność częściowa Nazwa % Poprawnych
Mołdawia Naddniestrze
85%
Cypr/Turcja Cypr Północny
80%
Somalia Somaliland
62%
Gruzja Abchazja
59%
Gruzja Osetia Południowa
55%
Armenia Górski Karabach
42%
Szwecja Ladonia
6%
Nie znaleziono quizów pasujących do podanych kryteriów
Rozkład punktacji
Procent ludzi z każdym wynikiem
Percentyl według liczby udzielonych odpowiedzi
Twoja historia wyników
Nie rozwiązałeś tego quizu